| 000 | 00666nam a2200181 i 4500 | ||
|---|---|---|---|
| 001 | 67858 | ||
| 003 | ES-MaACL | ||
| 005 | 20251016163150.0 | ||
| 007 | t| | ||
| 008 | 040206s1960 sp ||||1| spa d | ||
| 100 | 1 |
_aGallego, Santiago. _953543 |
|
| 245 | 1 | 0 |
_aOración y llanto de la madera _b: mensaje poético de las figuras de la Pasión / _cSantiago Gallego ; prólogo de Francisco Javier Martín Abril ; ilustraciones de Publio Wilfrido. |
| 260 |
_aValladolid : _b[s.n., _c1960] |
||
| 300 |
_a87 p. : _bil. ; _c24 cm. |
||
| 700 | 1 |
_aMartín Abril, Francisco Javier, _d1908- _977381 |
|
| 852 |
_aES-MaACL _jC-19138 _bR.47494 |
||
| 999 |
_c67858 _d67858 |
||